Los años / (Registro nro. 133731)

Detalles MARC
000 -LEADER
campo de control de longitud fija 00581nam a2200193 i 4500
001 - NÚMERO DE CONTROL
campo de control 133731
003 - IDENTIFICADOR DE NÚMERO DE CONTROL
campo de control ES-MaACL
005 - FECHA Y HORA DE LA ÚLTIMA TRANSACCIÓN
campo de control 20250502063014.0
007 - CAMPO FIJO DE DESCRIPCIÓN FÍSICA--INFORMACIÓN GENERAL
campo de control de longitud fija t|
008 - DATOS DE LONGITUD FIJA--INFORMACIÓN GENERAL
campo de control de longitud fija 070827s1946 sp ||||1| spa d
100 1# - ENTRADA PRINCIPAL--NOMBRE DE PERSONA
Nombre de persona Woolf, Virginia,
Fechas asociadas al nombre 1882-1941
9 (RLIN) 240179
245 14 - MENCIÓN DEL TÍTULO
Título Los años /
Mención de responsabilidad, etc. Virginia Woolf ; [traducción del inglés por Pedro Fraga de Porto].
250 ## - MENCION DE EDICION
Mención de edición [1ª ed.].
260 ## - PUBLICACIÓN, DISTRIBUCIÓN, ETC.
Lugar de publicación, distribución, etc. Barcelona :
Nombre del editor, distribuidor, etc. Lauro,
Fecha de publicación, distribución, etc. 1946.
300 ## - DESCRIPCIÓN FÍSICA
Extensión 318 p. ;
Dimensiones 20 cm.
700 1# - ENTRADA AGREGADA--NOMBRE PERSONAL
Nombre de persona Fraga de Porto, Pedro.
9 (RLIN) 52071
852 ## - LOCALIZACIÓN
Ubicación ES-MaACL
Número de control de estantería B-10785
Sublocalización o colección R.22453
Existencias
Estatus retirado Estado de pérdida Estado de daño No para préstamo Biblioteca de origen Biblioteca actual Ubicación en estantería Fecha de adquisición Fuente de adquisición Total de préstamos Signatura topográfica completa Código de barras Visto por última vez Precio de reemplazo Tipo de ítem Koha
        Biblioteca del Ateneo de Madrid Biblioteca del Ateneo de Madrid Sala Pardo Bazán 17/01/2008     B-10785 1139213 23/02/2023 23/02/2023 Libro impreso